000
00316nam a22001457a 4500
008
210426b ||||| |||| 00| 0 eng d
020
_a
9780787630447
041
_a
eng
080
_a
573
082
_a
573
100
_a
11
101
_a
BIO
245
_a
World of Biology
_c
Kimberley A. McGrath
942
_2
udc
_c
BK
999
_c
56748
_d
56748